[Event "Mästar Elit"]
[Site "Örebro"]
[Date "2013.07.06"]
[Round "1"]
[White "Lindgren, Philip"]
[Black "Andréasson, Ingvar"]
[Result "0-1"]
[BlackElo "2345"]
[WhiteElo "2287"]

1. d4 {[%clk 1:30:56]} e6 {[%clk 1:30:35]} 2. c4 {[%clk 1:31:01]} b6
{[%clk 1:30:52]} 3. e4 {[%clk 1:26:01]} Bb7 {[%clk 1:28:45]} 4. Bd3
{[%clk 1:25:23]} Nf6 {[%clk 1:18:12]} 5. Nc3 {[%clk 1:18:10]} Bb4
{[%clk 1:08:00]} 6. Qe2 {[%clk 1:11:03]} c5 {[%clk 1:00:33]} 7. d5
{[%clk 1:03:50]} b5 {[%clk 0:56:06]} 8. Bg5 {[%clk 0:54:27]} bxc4
{[%clk 0:52:25]} 9. Bxc4 {[%clk 0:54:34]} O-O {[%clk 0:42:12]} 10. O-O-O
{[%clk 0:33:42]} h6 {[%clk 0:35:32]} 11. Bd2 {[%clk 0:32:20]} exd5
{[%clk 0:31:48]} 12. exd5 {[%clk 0:30:22]} Re8 {[%clk 0:30:16]} 13. Qd3
{[%clk 0:29:12]} d6 {[%clk 0:22:35]} 14. Qg3 {[%clk 0:22:03]} Ne4
{[%clk 0:14:57]} 15. Nxe4 {[%clk 0:20:58]} Rxe4 {[%clk 0:15:15]} 16. Bxb4
{[%clk 0:20:01]} cxb4 {[%clk 0:13:57]} 17. Qd3 {[%clk 0:17:50]} Qe7
{[%clk 0:07:52]} 18. Nf3 {[%clk 0:16:25]} Nd7 {[%clk 0:08:10]} 19. Rhe1
{[%clk 0:09:11]} Nc5 {[%clk 0:08:32]} 20. Qc2 {[%clk 0:09:23]} Rxe1
{[%clk 0:08:40]} 21. Rxe1 {[%clk 0:09:39]} Qf6 {[%clk 0:09:05]} 22. Kb1
{[%clk 0:07:47]} a5 {[%clk 0:09:04]} 23. Re3 {[%clk 0:07:18]} Rc8
{[%clk 0:06:36]} 24. g3 {[%clk 0:05:19]} g6 {[%clk 0:05:52]} 25. Qe2
{[%clk 0:03:11]} Kg7 {[%clk 0:05:55]} 26. Qd2 {[%clk 0:03:01]} Nd7
{[%clk 0:05:09]} 27. Bb3 {[%clk 0:02:56]} Nb6 {[%clk 0:05:25]} 28. Nd4
{[%clk 0:00:56]} Nc4 {[%clk 0:04:41]} 29. Bxc4 {[%clk 0:01:18]} Rxc4
{[%clk 0:05:09]} 30. Nb3 {[%clk 0:00:57]} a4 {[%clk 0:04:39]} 31. Nc1
{[%clk 0:00:49]} Rd4 {[%clk 0:03:10]} 32. Rd3 {[%clk 0:01:07]} Qf5
{[%clk 0:02:52]} 33. Ka1 {[%clk 0:01:11]} Rc4 {[%clk 0:01:58]} 34. Rd4
{[%clk 0:00:40]} Rc2 {[%clk 0:01:14]} 35. Qe3 {[%clk 0:00:36]} Qe5
{[%clk 0:00:34]} 36. Nd3 {[%clk 0:00:38]} Qxe3 {[%clk 0:00:42]} 37. fxe3
{[%clk 0:01:06]} Ba6 {[%clk 0:00:45]} 38. Kb1 {[%clk 0:00:57]} Bxd3
{[%clk 0:00:37]} 39. Rxd3 {[%clk 0:01:23]} Rxh2 {[%clk 0:00:59]} 40. b3
{[%clk 0:31:08]} a3 {[%clk 0:31:16]} 41. Rd4 {[%clk 0:31:33]} h5 {[%clk 0:25:01]}
42. Rxb4 {[%clk 0:31:38]} Rb2+ {[%clk 0:20:58]} 43. Kc1 {[%clk 0:31:21]} Rxa2
{[%clk 0:21:14]} 44. Ra4 {[%clk 0:30:02]} g5 {[%clk 0:19:32]} 45. b4
{[%clk 0:26:29]} h4 {[%clk 0:15:23]} 0-1

[Event "Mästar Elit"]
[Site "Örebro"]
[Date "2013.07.06"]
[Round "1"]
[White "Sagit, Rauan"]
[Black "Kenneskog, Theodor"]
[Result "1/2-1/2"]
[BlackElo "2228"]
[WhiteElo "2355"]

1. e4 {[%clk 1:30:54]} c5 {[%clk 1:30:54]} 2. Nf3 {[%clk 1:31:08]} d6
{[%clk 1:31:18]} 3. d4 {[%clk 1:31:22]} cxd4 {[%clk 1:31:38]} 4. Nxd4
{[%clk 1:31:44]} Nf6 {[%clk 1:32:04]} 5. Nc3 {[%clk 1:32:00]} a6 {[%clk 1:32:15]}
6. Bc4 {[%clk 1:32:07]} e6 {[%clk 1:32:41]} 7. O-O {[%clk 1:32:22]} b5
{[%clk 1:32:55]} 8. Bb3 {[%clk 1:32:36]} Be7 {[%clk 1:33:18]} 9. Re1
{[%clk 1:30:21]} O-O {[%clk 1:30:17]} 10. Bg5 {[%clk 1:25:56]} Qb6
{[%clk 1:25:42]} 11. Bh4 {[%clk 1:20:48]} Bd7 {[%clk 1:19:47]} 12. Bg3
{[%clk 1:14:58]} b4 {[%clk 1:06:44]} 13. Na4 {[%clk 1:11:58]} Qb7
{[%clk 1:06:36]} 14. Qe2 {[%clk 1:00:32]} Bb5 {[%clk 0:52:34]} 15. Qe3
{[%clk 0:56:56]} Nbd7 {[%clk 0:51:11]} 16. c4 {[%clk 0:51:08]} bxc3
{[%clk 0:49:34]} 17. Nxc3 {[%clk 0:50:31]} Ne5 {[%clk 0:47:16]} 18. Ncxb5
{[%clk 0:47:42]} axb5 {[%clk 0:47:33]} 19. Qe2 {[%clk 0:47:20]} Rab8
{[%clk 0:41:32]} 20. Rac1 {[%clk 0:45:55]} Rfc8 {[%clk 0:25:36]} 21. Rxc8+
{[%clk 0:44:01]} Rxc8 {[%clk 0:25:53]} 22. h3 {[%clk 0:38:20]} Rc5
{[%clk 0:19:12]} 23. f4 {[%clk 0:35:14]} Nc6 {[%clk 0:19:25]} 24. Bf2
{[%clk 0:34:52]} Nxd4 {[%clk 0:19:50]} 25. Bxd4 {[%clk 0:35:11]} Rc8
{[%clk 0:20:02]} 26. Qf3 {[%clk 0:28:02]} Qc6 {[%clk 0:14:17]} 27. Bf2
{[%clk 0:26:26]} Rd8 {[%clk 0:12:26]} 28. f5 {[%clk 0:24:54]} exf5
{[%clk 0:10:48]} 29. Qxf5 {[%clk 0:25:04]} Qd7 {[%clk 0:10:05]} 30. Qf3
{[%clk 0:24:49]} Re8 {[%clk 0:10:20]} 31. e5 {[%clk 0:19:50]} dxe5
{[%clk 0:10:03]} 32. Rxe5 {[%clk 0:20:09]} Bd6 {[%clk 0:08:30]} 33. Rxe8+
{[%clk 0:20:25]} Qxe8 {[%clk 0:08:07]} 34. Qb7 {[%clk 0:20:06]} h6
{[%clk 0:06:54]} 35. Bc2 {[%clk 0:11:37]} g6 {[%clk 0:04:20]} 36. g3
{[%clk 0:05:32]} Kg7 {[%clk 0:03:18]} 37. Bd3 {[%clk 0:05:41]} b4
{[%clk 0:03:21]} 38. Bc4 {[%clk 0:05:23]} h5 {[%clk 0:03:08]} 39. Kg2
{[%clk 0:02:57]} Qd7 {[%clk 0:00:43]} 40. Qxd7 {[%clk 0:31:45]} Nxd7
{[%clk 0:31:09]} 41. Bb5 {[%clk 0:31:36]} Ne5 {[%clk 0:30:01]} 42. Be3
{[%clk 0:28:50]} Kf6 {[%clk 0:28:19]} 43. Bc1 {[%clk 0:28:24]} Ke6
{[%clk 0:27:54]} 44. a4 {[%clk 0:27:15]} bxa3 {[%clk 0:23:32]} 45. bxa3
{[%clk 0:27:36]} Kd5 {[%clk 0:23:52]} 46. a4 {[%clk 0:25:08]} Bb4
{[%clk 0:23:14]} 47. Kf2 {[%clk 0:21:30]} Nc4 {[%clk 0:20:41]} 48. Bf4
{[%clk 0:19:48]} Nd6 {[%clk 0:19:43]} 49. Bd7 {[%clk 0:18:24]} Ba5
{[%clk 0:18:29]} 50. Kf3 {[%clk 0:17:40]} Bb6 {[%clk 0:17:48]} 51. Ke2
{[%clk 0:15:59]} Ne4 {[%clk 0:15:45]} 52. Be8 {[%clk 0:15:26]} Ke6
{[%clk 0:15:55]} 53. Bc6 {[%clk 0:14:36]} Nc5 {[%clk 0:14:40]} 54. Be3
{[%clk 0:12:51]} Kd6 {[%clk 0:14:55]} 55. Be8 {[%clk 0:12:51]} Ke7
{[%clk 0:14:59]} 56. Bb5 {[%clk 0:13:09]} Kd6 {[%clk 0:13:57]} 57. Kf3
{[%clk 0:12:15]} f6 {[%clk 0:10:12]} 58. h4 {[%clk 0:11:03]} Bd8 {[%clk 0:09:18]}
59. Be8 {[%clk 0:03:16]} g5 {[%clk 0:09:18]} 60. Bxh5 {[%clk 0:02:45]} Nxa4
{[%clk 0:08:10]} 61. Be8 {[%clk 0:03:04]} Nc3 {[%clk 0:07:25]} 62. h5
{[%clk 0:01:52]} Be7 {[%clk 0:07:10]} 63. Bd2 {[%clk 0:01:45]} Nd5
{[%clk 0:06:59]} 64. Ke4 {[%clk 0:01:52]} Ke6 {[%clk 0:04:49]} 65. Bd7+
{[%clk 0:01:26]} Kxd7 {[%clk 0:03:44]} 66. Kxd5 {[%clk 0:01:50]} Bf8
{[%clk 0:04:00]} 67. g4 {[%clk 0:02:12]} Bh6 {[%clk 0:03:29]} 68. Bc3
{[%clk 0:02:26]} Ke7 {[%clk 0:03:33]} 69. Bb4+ {[%clk 0:02:22]} Kf7
{[%clk 0:03:42]} 70. Bc5 {[%clk 0:02:08]} Bg7 {[%clk 0:03:58]} 71. Ke4
{[%clk 0:02:17]} Ke6 {[%clk 0:04:13]} 72. Bb4 {[%clk 0:02:25]} 1/2-1/2

[Event "Mästar Elit"]
[Site "Örebro"]
[Date "2013.07.06"]
[Round "1"]
[White "Johansson, Linus"]
[Black "Cramling, Dan"]
[Result "1/2-1/2"]
[BlackElo "2371"]
[WhiteElo "2347"]

1. d4 {[%clk 1:30:55]} Nf6 {[%clk 1:30:47]} 2. c4 {[%clk 1:31:18]} c5
{[%clk 1:31:01]} 3. d5 {[%clk 1:31:43]} b5 {[%clk 1:31:14]} 4. cxb5
{[%clk 1:32:08]} a6 {[%clk 1:31:31]} 5. bxa6 {[%clk 1:32:34]} g6 {[%clk 1:31:46]}
6. Nc3 {[%clk 1:32:59]} Bxa6 {[%clk 1:32:06]} 7. Nf3 {[%clk 1:33:21]} Bg7
{[%clk 1:32:09]} 8. g3 {[%clk 1:33:05]} d6 {[%clk 1:32:05]} 9. Bg2
{[%clk 1:33:29]} Nbd7 {[%clk 1:32:16]} 10. Rb1 {[%clk 1:33:51]} Nb6
{[%clk 1:31:43]} 11. b3 {[%clk 1:32:20]} Bb7 {[%clk 1:31:49]} 12. Nh4
{[%clk 1:31:43]} O-O {[%clk 1:32:01]} 13. O-O {[%clk 1:31:26]} Ne8
{[%clk 1:32:05]} 14. Bb2 {[%clk 1:31:27]} f5 {[%clk 1:30:48]} 15. a4
{[%clk 1:23:59]} Bxc3 {[%clk 0:59:31]} 16. Bxc3 {[%clk 1:24:23]} Nc7
{[%clk 0:58:49]} 17. Ba1 {[%clk 1:13:24]} Bxd5 {[%clk 0:55:05]} 18. a5
{[%clk 0:58:10]} Rxa5 {[%clk 0:53:05]} 19. b4 {[%clk 0:56:29]} Rb5
{[%clk 0:40:16]} 20. bxc5 {[%clk 0:56:31]} dxc5 {[%clk 0:39:50]} 21. Qc2
{[%clk 0:53:40]} Bxg2 {[%clk 0:38:28]} 22. Nxg2 {[%clk 0:51:53]} Rxb1
{[%clk 0:28:42]} 23. Rxb1 {[%clk 0:51:29]} Nd7 {[%clk 0:28:33]} 24. Nf4
{[%clk 0:49:38]} e5 {[%clk 0:19:55]} 25. Qc4+ {[%clk 0:48:31]} Rf7
{[%clk 0:19:50]} 26. Nd3 {[%clk 0:48:21]} Qe7 {[%clk 0:19:14]} 27. Rc1
{[%clk 0:40:50]} Ne8 {[%clk 0:12:46]} 28. Nxc5 {[%clk 0:39:00]} Nxc5
{[%clk 0:12:15]} 29. Qxc5 {[%clk 0:39:28]} Qxc5 {[%clk 0:12:26]} 30. Rxc5
{[%clk 0:39:56]} e4 {[%clk 0:12:35]} 31. Be5 {[%clk 0:40:04]} Re7
{[%clk 0:12:39]} 32. f4 {[%clk 0:40:11]} exf3 {[%clk 0:11:38]} 33. exf3
{[%clk 0:40:35]} Kf7 {[%clk 0:11:52]} 34. f4 {[%clk 0:40:50]} Nf6
{[%clk 0:12:07]} 35. Bxf6 {[%clk 0:40:01]} 1/2-1/2

[Event "Mästar Elit"]
[Site "Örebro"]
[Date "2013.07.06"]
[Round "1"]
[White "Larsson, Anders"]
[Black "Andersson, Tommy"]
[Result "0-1"]
[BlackElo "2345"]
[WhiteElo "2314"]

1. e4 {[%clk 1:30:42]} c5 {[%clk 1:30:54]} 2. Nf3 {[%clk 1:30:31]} d6
{[%clk 1:31:19]} 3. Bc4 {[%clk 1:30:44]} Nf6 {[%clk 1:31:39]} 4. e5
{[%clk 1:27:24]} dxe5 {[%clk 1:29:45]} 5. Nxe5 {[%clk 1:27:22]} e6
{[%clk 1:29:52]} 6. Qe2 {[%clk 1:26:47]} Bd6 {[%clk 1:24:49]} 7. b3
{[%clk 1:20:10]} O-O {[%clk 1:18:42]} 8. Bb2 {[%clk 1:15:43]} a6 {[%clk 1:05:47]}
9. a4 {[%clk 0:55:07]} Nd5 {[%clk 0:56:14]} 10. Na3 {[%clk 0:44:50]} f6
{[%clk 0:50:56]} 11. Ng4 {[%clk 0:40:47]} Nf4 {[%clk 0:43:14]} 12. Qf3
{[%clk 0:38:48]} Bd7 {[%clk 0:41:58]} 13. Ne3 {[%clk 0:29:59]} f5
{[%clk 0:34:44]} 14. Qxb7 {[%clk 0:26:01]} Nc6 {[%clk 0:34:31]} 15. g3
{[%clk 0:22:39]} Ra7 {[%clk 0:19:15]} 16. Qxa7 {[%clk 0:22:37]} Nxa7
{[%clk 0:18:11]} 17. gxf4 {[%clk 0:23:00]} Nc6 {[%clk 0:17:26]} 18. Bxa6
{[%clk 0:19:15]} Nd4 {[%clk 0:17:49]} 19. O-O-O {[%clk 0:18:59]} Bxf4
{[%clk 0:17:38]} 20. Bc4 {[%clk 0:16:13]} Kh8 {[%clk 0:15:05]} 21. h4
{[%clk 0:10:43]} Bc6 {[%clk 0:12:01]} 22. Rh3 {[%clk 0:10:34]} e5
{[%clk 0:12:01]} 23. Nb5 {[%clk 0:09:49]} Be4 {[%clk 0:10:20]} 24. Nc3
{[%clk 0:08:44]} Bc6 {[%clk 0:09:56]} 25. Ba3 {[%clk 0:07:34]} Qa5
{[%clk 0:09:13]} 26. Ned5 {[%clk 0:07:14]} Bxd5 {[%clk 0:08:40]} 27. Nxd5
{[%clk 0:05:58]} Bh6 {[%clk 0:08:31]} 28. Ne3 {[%clk 0:06:03]} g6
{[%clk 0:08:37]} 29. Bf1 {[%clk 0:04:45]} Rd8 {[%clk 0:08:28]} 30. Nc4
{[%clk 0:04:44]} Qc7 {[%clk 0:08:47]} 31. Bb2 {[%clk 0:04:47]} Bf4
{[%clk 0:07:27]} 32. Bc3 {[%clk 0:04:41]} Qb7 {[%clk 0:07:14]} 33. h5
{[%clk 0:03:48]} Kg7 {[%clk 0:07:25]} 34. Re1 {[%clk 0:03:00]} Kf6
{[%clk 0:05:59]} 35. hxg6 {[%clk 0:02:48]} hxg6 {[%clk 0:06:17]} 36. Na5
{[%clk 0:03:03]} Qc7 {[%clk 0:05:41]} 37. Bg2 {[%clk 0:02:50]} Rb8
{[%clk 0:03:48]} 38. Nc4 {[%clk 0:02:59]} Qd7 {[%clk 0:02:37]} 39. Ne3
{[%clk 0:02:16]} e4 {[%clk 0:01:40]} 40. Nc4 {[%clk 0:31:49]} Kg5
{[%clk 0:31:17]} 41. Rhh1 {[%clk 0:16:10]} Nxb3+ {[%clk 0:24:18]} 42. cxb3
{[%clk 0:12:14]} Rxb3 {[%clk 0:24:14]} 0-1

[Event "Mästar Elit"]
[Site "Örebro"]
[Date "2013.07.06"]
[Round "1"]
[White "Frisk Kockum, Anton"]
[Black "Persson, Andreas"]
[Result "1-0"]
[BlackElo "2167"]
[WhiteElo "2346"]

1. e4 {[%clk 1:30:57]} e5 {[%clk 1:30:34]} 2. Nf3 {[%clk 1:31:21]} Nc6
{[%clk 1:30:42]} 3. Nc3 {[%clk 1:31:25]} Nf6 {[%clk 1:30:39]} 4. Be2
{[%clk 1:31:40]} Be7 {[%clk 1:27:35]} 5. d4 {[%clk 1:29:20]} d6 {[%clk 1:23:03]}
6. h3 {[%clk 1:24:57]} O-O {[%clk 1:17:29]} 7. Be3 {[%clk 1:24:35]} exd4
{[%clk 1:14:05]} 8. Nxd4 {[%clk 1:24:50]} Nxd4 {[%clk 1:13:50]} 9. Qxd4
{[%clk 1:23:06]} c6 {[%clk 1:09:25]} 10. O-O {[%clk 1:19:27]} d5 {[%clk 1:02:39]}
11. exd5 {[%clk 1:13:13]} Nxd5 {[%clk 1:00:24]} 12. Nxd5 {[%clk 1:13:14]} cxd5
{[%clk 0:57:59]} 13. Rad1 {[%clk 1:08:11]} Be6 {[%clk 0:53:48]} 14. Bf3
{[%clk 1:05:19]} Qc7 {[%clk 0:43:04]} 15. c3 {[%clk 1:01:28]} Rfd8
{[%clk 0:37:10]} 16. Bf4 {[%clk 0:49:26]} Qa5 {[%clk 0:35:08]} 17. a3 Rac8
{[%clk 0:34:09]} 18. Be5 {[%clk 0:39:01]} Bf8 {[%clk 0:28:11]} 19. Qh4
{[%clk 0:36:53]} Rd7 {[%clk 0:25:00]} 20. Rfe1 {[%clk 0:30:17]} b5
{[%clk 0:22:51]} 21. g4 {[%clk 0:27:40]} Qb6 {[%clk 0:21:46]} 22. Be2
{[%clk 0:24:16]} Be7 {[%clk 0:19:07]} 23. Qg3 {[%clk 0:24:13]} a5
{[%clk 0:18:01]} 24. Bd4 {[%clk 0:23:45]} Bc5 {[%clk 0:16:30]} 25. f4
{[%clk 0:22:49]} f6 {[%clk 0:14:56]} 26. Qd3 {[%clk 0:15:36]} b4 {[%clk 0:13:50]}
27. Qa6 {[%clk 0:13:56]} Rb8 {[%clk 0:11:02]} 28. Qxb6 {[%clk 0:13:41]} Bxb6
{[%clk 0:11:28]} 29. axb4 {[%clk 0:13:06]} axb4 {[%clk 0:11:29]} 30. cxb4
{[%clk 0:12:54]} Bf7 {[%clk 0:09:43]} 31. b5 {[%clk 0:11:38]} Re7
{[%clk 0:08:51]} 32. Bxb6 {[%clk 0:11:17]} Rxb6 {[%clk 0:09:16]} 33. Bd3
{[%clk 0:11:36]} Kf8 {[%clk 0:07:44]} 34. Rxe7 {[%clk 0:10:17]} Kxe7
{[%clk 0:08:07]} 35. Ra1 {[%clk 0:10:38]} Rb7 {[%clk 0:07:02]} 36. Kf2
{[%clk 0:08:58]} Be8 {[%clk 0:06:55]} 37. Ra5 {[%clk 0:08:51]} Kd6
{[%clk 0:04:22]} 38. b4 {[%clk 0:07:30]} h5 {[%clk 0:04:15]} 39. Ke3
{[%clk 0:05:47]} hxg4 {[%clk 0:04:15]} 40. hxg4 {[%clk 0:36:10]} Bd7
{[%clk 0:32:36]} 41. Kd4 {[%clk 0:29:04]} Bxg4 {[%clk 0:30:48]} 42. Ra6+
{[%clk 0:29:14]} Ke7 {[%clk 0:28:20]} 43. Kc5 {[%clk 0:28:19]} Bf3
{[%clk 0:27:23]} 44. b6 {[%clk 0:27:27]} d4 {[%clk 0:21:04]} 45. Ra3
{[%clk 0:25:24]} Rd7 {[%clk 0:20:21]} 46. Bb5 {[%clk 0:20:07]} Rd5+
{[%clk 0:20:23]} 47. Kc4 {[%clk 0:20:19]} d3 {[%clk 0:18:09]} 48. b7
{[%clk 0:02:21]} Rd8 {[%clk 0:15:43]} 49. Rxd3 {[%clk 0:02:03]} Be2
{[%clk 0:15:17]} 50. Kc5 {[%clk 0:02:26]} Bxd3 {[%clk 0:15:23]} 51. Bxd3
{[%clk 0:02:46]} Kd7 {[%clk 0:12:34]} 52. Kb6 {[%clk 0:02:48]} Rb8
{[%clk 0:06:26]} 53. Bf5+ {[%clk 0:02:59]} Kd6 {[%clk 0:06:38]} 54. b5 1-0

[Event "Mästar Elit"]
[Site "Örebro"]
[Date "2013.07.07"]
[Round "2"]
[White "Cramling, Dan"]
[Black "Lindgren, Philip"]
[Result "0-1"]
[BlackElo "2287"]
[WhiteElo "2371"]

1. Nf3 {[%clk 1:24:39]} d5 {[%clk 1:30:37]} 2. d4 {[%clk 1:24:45]} Nf6
{[%clk 1:30:41]} 3. c4 {[%clk 1:24:58]} c6 {[%clk 1:30:55]} 4. Nc3
{[%clk 1:25:02]} e6 {[%clk 1:31:04]} 5. Bg5 {[%clk 1:25:01]} h6 {[%clk 1:31:09]}
6. Bxf6 {[%clk 1:23:52]} Qxf6 {[%clk 1:31:29]} 7. e3 {[%clk 1:22:21]} Nd7
{[%clk 1:31:34]} 8. Bd3 {[%clk 1:20:36]} dxc4 {[%clk 1:31:38]} 9. Bxc4
{[%clk 1:21:00]} g6 {[%clk 1:31:37]} 10. O-O {[%clk 1:20:57]} Bg7
{[%clk 1:31:18]} 11. Rc1 {[%clk 1:20:19]} O-O {[%clk 1:20:42]} 12. e4
{[%clk 1:17:09]} e5 {[%clk 1:14:22]} 13. d5 {[%clk 1:16:47]} Nb6 {[%clk 1:14:26]}
14. dxc6 {[%clk 1:16:50]} bxc6 {[%clk 1:14:28]} 15. Be2 {[%clk 1:17:00]} Be6
{[%clk 1:03:29]} 16. Qd6 {[%clk 1:02:04]} Bg4 {[%clk 0:58:04]} 17. Qxf6
{[%clk 0:34:32]} Bxf6 {[%clk 0:58:27]} 18. Nb1 {[%clk 0:34:43]} Rfc8
{[%clk 0:51:09]} 19. Rfd1 {[%clk 0:30:01]} Be7 {[%clk 0:39:36]} 20. Rc2
{[%clk 0:18:59]} f6 {[%clk 0:35:48]} 21. Rdc1 {[%clk 0:16:09]} Be6
{[%clk 0:31:02]} 22. Nbd2 {[%clk 0:12:58]} c5 {[%clk 0:24:09]} 23. Ba6
{[%clk 0:11:43]} Rc7 {[%clk 0:19:32]} 24. b4 {[%clk 0:08:47]} c4 {[%clk 0:19:49]}
25. a3 {[%clk 0:09:02]} Rd8 {[%clk 0:20:12]} 26. Nb1 {[%clk 0:03:43]} Rcd7
{[%clk 0:12:30]} 27. Kf1 {[%clk 0:03:36]} g5 {[%clk 0:10:23]} 28. Ke2
{[%clk 0:02:05]} g4 {[%clk 0:09:28]} 29. Nfd2 {[%clk 0:02:22]} Rd4
{[%clk 0:09:27]} 30. f3 {[%clk 0:01:54]} f5 {[%clk 0:06:15]} 31. Nxc4
{[%clk 0:00:50]} Bg5 {[%clk 0:05:35]} 32. Ncd2 {[%clk 0:00:59]} gxf3+
{[%clk 0:05:16]} 33. gxf3 {[%clk 0:00:43]} fxe4 {[%clk 0:05:18]} 34. Rg1
{[%clk 0:00:42]} exf3+ {[%clk 0:03:21]} 35. Kxf3 {[%clk 0:00:39]} Rf8+
{[%clk 0:03:11]} 36. Ke2 {[%clk 0:00:48]} Bg4+ {[%clk 0:03:02]} 37. Rxg4
{[%clk 0:01:01]} Rxg4 {[%clk 0:03:27]} 38. Bb7 {[%clk 0:01:09]} Rgf4
{[%clk 0:00:55]} 39. Ne4 {[%clk 0:00:44]} Rf1 {[%clk 0:00:38]} 40. Nbd2
{[%clk 0:30:55]} Bxd2 {[%clk 0:30:39]} 41. Kxd2 {[%clk 0:29:42]} Rd8+
{[%clk 0:23:42]} 42. Ke2 {[%clk 0:23:43]} Rf7 {[%clk 0:23:18]} 43. Nc5
{[%clk 0:23:07]} Nd5 {[%clk 0:22:08]} 44. Rc4 {[%clk 0:18:59]} Nf4+
{[%clk 0:21:32]} 45. Ke3 {[%clk 0:18:35]} Rd1 {[%clk 0:21:24]} 46. Bf3
{[%clk 0:17:11]} Re1+ {[%clk 0:18:35]} 47. Kd2 {[%clk 0:12:18]} Rf1
{[%clk 0:14:41]} 48. Ke3 {[%clk 0:10:17]} Ra1 {[%clk 0:14:15]} 49. Rc3
{[%clk 0:10:04]} Re1+ {[%clk 0:11:55]} 50. Kf2 {[%clk 0:09:23]} Rb1
{[%clk 0:11:29]} 51. Ke3 {[%clk 0:06:08]} Rb2 {[%clk 0:10:41]} 52. Ke4
{[%clk 0:03:23]} Rxh2 {[%clk 0:09:36]} 53. Kxe5 {[%clk 0:01:40]} Rh3
{[%clk 0:07:38]} 54. Kd4 {[%clk 0:01:46]} Kg7 {[%clk 0:04:10]} 55. a4
{[%clk 0:01:23]} h5 {[%clk 0:03:29]} 56. a5 {[%clk 0:01:13]} h4 {[%clk 0:03:19]}
57. b5 {[%clk 0:01:19]} Rf6 {[%clk 0:01:52]} 58. Rb3 {[%clk 0:00:36]} Ng6
{[%clk 0:01:43]} 59. Be4 {[%clk 0:00:00]} 0-1

[Event "Mästar Elit"]
[Site "Örebro"]
[Date "2013.07.07"]
[Round "2"]
[White "Persson, Andreas"]
[Black "Kenneskog, Theodor"]
[Result "1/2-1/2"]
[BlackElo "2228"]
[WhiteElo "2167"]

1. e4 {[%clk 1:30:55]} c5 {[%clk 1:30:53]} 2. Nf3 {[%clk 1:31:05]} d6
{[%clk 1:31:15]} 3. Bb5+ {[%clk 1:31:07]} Nd7 {[%clk 1:31:22]} 4. d4
{[%clk 1:31:02]} cxd4 {[%clk 1:31:31]} 5. Qxd4 {[%clk 1:31:09]} a6
{[%clk 1:31:46]} 6. Bxd7+ {[%clk 1:30:39]} Bxd7 {[%clk 1:32:09]} 7. c4
{[%clk 1:30:38]} e5 {[%clk 1:25:25]} 8. Qd3 {[%clk 1:28:56]} h6 {[%clk 1:22:30]}
9. Nc3 {[%clk 1:25:00]} Nf6 {[%clk 1:22:02]} 10. b3 {[%clk 1:22:00]} Be7
{[%clk 1:17:50]} 11. O-O {[%clk 1:19:29]} O-O {[%clk 1:10:25]} 12. Rd1
{[%clk 1:15:48]} Bc6 {[%clk 1:07:51]} 13. Nd2 {[%clk 1:10:03]} Qa5
{[%clk 1:00:36]} 14. Nf1 {[%clk 1:03:50]} b5 {[%clk 0:44:31]} 15. Ne3
{[%clk 0:58:58]} g6 {[%clk 0:30:11]} 16. Ned5 {[%clk 0:50:33]} Bxd5
{[%clk 0:30:31]} 17. Nxd5 {[%clk 0:50:13]} Nxd5 {[%clk 0:30:50]} 18. Qxd5
{[%clk 0:50:06]} Kg7 {[%clk 0:29:53]} 19. Bd2 {[%clk 0:40:42]} Qc7
{[%clk 0:26:27]} 20. cxb5 {[%clk 0:35:15]} axb5 {[%clk 0:26:51]} 21. Qxb5
{[%clk 0:34:30]} Qc2 {[%clk 0:27:04]} 22. Qb7 {[%clk 0:26:13]} Bf6
{[%clk 0:25:28]} 23. a4 {[%clk 0:24:25]} Rab8 {[%clk 0:24:26]} 24. Qd5
{[%clk 0:24:03]} Qxb3 {[%clk 0:20:39]} 25. Qxb3 {[%clk 0:23:43]} Rxb3
{[%clk 0:21:06]} 26. Be3 {[%clk 0:21:22]} Ra8 {[%clk 0:20:43]} 27. a5
{[%clk 0:14:38]} Bd8 {[%clk 0:18:07]} 28. a6 {[%clk 0:12:53]} Bb6
{[%clk 0:15:37]} 29. Ra4 {[%clk 0:10:04]} Bxe3 {[%clk 0:12:45]} 30. fxe3
{[%clk 0:10:28]} Rb6 {[%clk 0:13:04]} 31. a7 {[%clk 0:09:46]} Rb7
{[%clk 0:13:11]} 32. Rda1 {[%clk 0:09:56]} Kf6 {[%clk 0:13:25]} 33. Kf2
{[%clk 0:09:19]} Ke6 {[%clk 0:13:46]} 34. Ra6 {[%clk 0:08:21]} Rb2+
{[%clk 0:13:33]} 35. Kf3 {[%clk 0:08:12]} Rb7 {[%clk 0:13:55]} 36. R1a2
{[%clk 0:08:08]} Rc7 {[%clk 0:14:10]} 37. Ke2 {[%clk 0:07:36]} Ke7
{[%clk 0:14:19]} 38. Kd3 {[%clk 0:05:27]} 1/2-1/2

[Event "Mästar Elit"]
[Site "Örebro"]
[Date "2013.07.07"]
[Round "2"]
[White "Frisk Kockum, Anton"]
[Black "Larsson, Anders"]
[Result "1-0"]
[BlackElo "2314"]
[WhiteElo "2346"]

1. d4 {[%clk 1:30:57]} Nf6 {[%clk 1:30:28]} 2. Nf3 {[%clk 1:31:20]} g6
{[%clk 1:30:09]} 3. c4 {[%clk 1:31:44]} Bg7 {[%clk 1:30:19]} 4. Nc3
{[%clk 1:32:07]} O-O {[%clk 1:29:51]} 5. e4 {[%clk 1:32:32]} d6 {[%clk 1:29:52]}
6. Be2 {[%clk 1:32:57]} c5 {[%clk 1:27:21]} 7. d5 {[%clk 1:33:11]} Bg4
{[%clk 1:26:26]} 8. O-O {[%clk 1:31:30]} Nbd7 {[%clk 1:25:03]} 9. h3
{[%clk 1:22:34]} Bxf3 {[%clk 1:24:33]} 10. Bxf3 {[%clk 1:22:57]} Ne8
{[%clk 1:23:45]} 11. Qc2 {[%clk 1:16:58]} Nc7 {[%clk 1:15:35]} 12. Be2
{[%clk 1:16:30]} e6 {[%clk 1:09:21]} 13. Bf4 {[%clk 1:02:11]} Ne5
{[%clk 1:01:47]} 14. Bg3 {[%clk 0:57:41]} exd5 {[%clk 0:58:10]} 15. cxd5
{[%clk 0:55:55]} Rb8 {[%clk 0:50:48]} 16. f4 {[%clk 0:51:27]} Nd7
{[%clk 0:46:27]} 17. e5 {[%clk 0:46:58]} dxe5 {[%clk 0:37:37]} 18. f5
{[%clk 0:47:11]} Nb6 {[%clk 0:30:49]} 19. Rad1 {[%clk 0:43:58]} Ncxd5
{[%clk 0:20:36]} 20. Nxd5 {[%clk 0:35:06]} Nxd5 {[%clk 0:20:34]} 21. Qc4
{[%clk 0:30:22]} Ne3 {[%clk 0:18:25]} 22. Rxd8 {[%clk 0:30:36]} Rbxd8
{[%clk 0:18:24]} 23. Qxc5 {[%clk 0:29:15]} Nxf1 {[%clk 0:18:41]} 24. Bxf1
{[%clk 0:23:38]} e4 {[%clk 0:17:36]} 25. Bf2 {[%clk 0:20:11]} Rfe8
{[%clk 0:17:18]} 26. Be3 {[%clk 0:19:03]} b6 {[%clk 0:16:47]} 27. Qc7
{[%clk 0:15:46]} Rc8 {[%clk 0:12:23]} 28. Qxa7 {[%clk 0:13:29]} Bxb2
{[%clk 0:12:13]} 29. Bb5 {[%clk 0:10:14]} Bc1 {[%clk 0:10:52]} 30. Bxb6
{[%clk 0:07:40]} Re5 {[%clk 0:09:04]} 31. fxg6 {[%clk 0:04:16]} hxg6
{[%clk 0:09:25]} 32. Qd7 {[%clk 0:03:06]} Rf8 {[%clk 0:07:16]} 33. Bd4
{[%clk 0:02:59]} Rf5 {[%clk 0:07:04]} 34. Bc4 {[%clk 0:01:27]} Bg5
{[%clk 0:06:55]} 35. g4 {[%clk 0:01:31]} Rf3 {[%clk 0:06:47]} 36. Qc6
{[%clk 0:01:11]} Kh7 {[%clk 0:06:15]} 37. Qxe4 {[%clk 0:01:11]} Rxh3
{[%clk 0:06:11]} 38. Kg2 {[%clk 0:01:05]} Rh4 {[%clk 0:05:12]} 39. Bf2
{[%clk 0:01:01]} Rh6 {[%clk 0:05:13]} 40. Qe5 {[%clk 0:30:54]} 1-0